History Quiz

Random History or War Quiz
Score 0/30 Timer 05:00
0 Plays Today
Battle (W), (E), (M), or (P) % Correct
Stalingrad???
92.3%
Siege of Leningrad???
91.2%
Pearl Harbor???
91.1%
Iwo Jima???
91.1%
Battle of Britain???
90%
Dunkirk???
89.8%
Okinawa???
89.3%
Kharkov???
88.7%
Kursk???
88.4%
Battle of the Bulge???
88.3%
Operation Overlord???
86.8%
Smolensk???
86.5%
Guadalcanal???
86.3%
El Alamein???
84.3%
Coral Sea???
84.3%
Battle (W), (E), (M), or (P) % Correct
Midway???
83.5%
Sevastopol???
82.5%
Aleutian Islands???
79.7%
Operation Market Garden???
77.5%
Aachen???
66.2%
Doolittle Raid???
62%
Gazala???
60.9%
Dieppe Raid???
58.6%
Luzon???
53.3%
Operation Torch???
48.7%
Kasserine Pass???
42.1%
Narva???
38.4%
Operation Battleaxe???
32.4%
Bismarck Sea???
26.1%
Operation Elephant???
23.5%
Remove Ads.
Support Sporcle.
Get the best of Sporcle when you Go Orange. This ad-free experience offers more features, more stats, and more fun while also helping to support Sporcle. Thank you for becoming a member.

You're not logged in!

Compare scores with friends on all Sporcle quizzes.
OR
Log In

Show Comments

Extras

Top Quizzes Today


Score Distribution

Your Account Isn't Verified!

In order to create a playlist on Sporcle, you need to verify the email address you used during registration. Go to your Sporcle Settings to finish the process.

Report this User

Report this user for behavior that violates our Community Guidelines.

Details: